000 00429nam a2200193Ia 4500
001 13382
003 GE_BSU
008 181216s||||||||xx |||||||||||||| ||und||
040 _cGE_BSU
080 _a821.111-3
100 _aLim,Catherine.
245 _aFollowing the wrong god home.
260 _aLondon.
260 _bBCA.
260 _c2001
300 _a328p;20cm.
653 _aFollowing the wrong god home.
942 _cBK
999 _c46543
_d46543